000 00280nam a2200097Ia 4500
008 240331s9999 xx 000 0 und d
082 _a082
_bJOU
100 _aRoyal asiatic society
245 0 _aJournal of the Ceylon branch of theroyalasiaticsociety 1865-66 :
_bpart 1 no 14
942 _cL
999 _c658
_d658